00414nam a2200169Ia 4500003000400000005001700004008004100021020001400062040000700076041000800083082001600091100003300107245004000140260003700180300001400217365001300231OSt20230506113928.0210423s2003 xx 000 0 und d a748407537 cAL aeng a613.28 SANT aSANDERS (Tom);EMERY (Peter). aMolecular basis of human nutrition. aNew YorkbTaylor & Francisc2003 ax,165bPB b495cINR